Countries of the World Quiz in 5 minutes - Statistics

General Stats
  • This quiz has been taken 76 times
  • The average score is 129 of 196
Answers on the Map
Answers color-coded by a green-red scale on the quiz's map according to % correct below.
 
Answer Stats
Country % Correct
Australia
97%
China
94%
India
94%
Russia
94%
United States
94%
Canada
92%
Denmark
92%
Italy
92%
France
89%
Japan
89%
Mexico
89%
Mongolia
89%
New Zealand
89%
Portugal
89%
Austria
86%
Brazil
86%
Chile
86%
Cuba
86%
Finland
86%
Iceland
86%
Indonesia
86%
Iran
86%
Iraq
86%
North Korea
86%
Spain
86%
United Kingdom
86%
Colombia
83%
Dominican Republic
83%
Germany
83%
Madagascar
83%
Philippines
83%
South Korea
83%
Argentina
81%
Egypt
81%
Ireland
81%
Norway
81%
Panama
81%
Saudi Arabia
81%
Sweden
81%
United Arab Emirates
81%
Democratic Republic of the Congo
78%
Dominica
78%
Greece
78%
Netherlands
78%
Pakistan
78%
Peru
78%
Sri Lanka
78%
Turkey
78%
Bangladesh
75%
Costa Rica
75%
Israel
75%
Nepal
75%
Niger
75%
Oman
75%
Poland
75%
South Africa
75%
Taiwan
75%
Ukraine
75%
Afghanistan
72%
Algeria
72%
Bahamas
72%
Belgium
72%
Bolivia
72%
Chad
72%
Ecuador
72%
Estonia
72%
Fiji
72%
Haiti
72%
Jamaica
72%
Kazakhstan
72%
Latvia
72%
Libya
72%
Mali
72%
Morocco
72%
Papua New Guinea
72%
Venezuela
72%
Vietnam
72%
Yemen
72%
Belarus
69%
Belize
69%
Nigeria
69%
Paraguay
69%
Romania
69%
Sudan
69%
Switzerland
69%
Barbados
67%
Bhutan
67%
Federated States of Micronesia
67%
Guyana
67%
Moldova
67%
Republic of the Congo
67%
Singapore
67%
Suriname
67%
Syria
67%
Thailand
67%
Tonga
67%
Tunisia
67%
Uruguay
67%
Albania
64%
Cyprus
64%
Guatemala
64%
Laos
64%
Malaysia
64%
Nauru
64%
Nicaragua
64%
Palau
64%
Samoa
64%
Serbia
64%
Somalia
64%
Andorra
61%
Brunei
61%
Czech Republic
61%
Georgia
61%
Guinea
61%
Jordan
61%
Kiribati
61%
Lithuania
61%
Myanmar
61%
Saint Lucia
61%
Saint Vincent and the Grenadines
61%
Tajikistan
61%
Uzbekistan
61%
Bosnia and Herzegovina
58%
El Salvador
58%
Ethiopia
58%
Honduras
58%
Lebanon
58%
Maldives
58%
Marshall Islands
58%
Saint Kitts and Nevis
58%
Togo
58%
Tuvalu
58%
Armenia
56%
Bahrain
56%
Bulgaria
56%
Cambodia
56%
Central African Republic
56%
East Timor
56%
Kosovo
56%
Mauritania
56%
Qatar
56%
Seychelles
56%
Slovakia
56%
South Sudan
56%
Vatican City
56%
Angola
53%
Antigua and Barbuda
53%
Azerbaijan
53%
Benin
53%
Luxembourg
53%
Malta
53%
Monaco
53%
North Macedonia
53%
San Marino
53%
Sierra Leone
53%
Slovenia
53%
Solomon Islands
53%
Cape Verde
50%
Croatia
50%
Grenada
50%
Guinea-Bissau
50%
Hungary
50%
Kenya
50%
Kuwait
50%
Kyrgyzstan
50%
Liechtenstein
50%
Namibia
50%
Turkmenistan
50%
Vanuatu
50%
Zambia
50%
Zimbabwe
50%
Botswana
47%
Comoros
47%
São Tomé and Príncipe
47%
Lesotho
47%
Malawi
47%
Mauritius
47%
Senegal
47%
Trinidad and Tobago
47%
Cameroon
44%
Djibouti
44%
Eswatini
44%
Ghana
44%
Ivory Coast
44%
Mozambique
44%
Burkina Faso
42%
Equatorial Guinea
42%
Eritrea
42%
Gambia
42%
Liberia
42%
Montenegro
42%
Rwanda
42%
Uganda
42%
Burundi
39%
Gabon
39%
Tanzania
39%
No matching quizzes found
Score Distribution
Percent of People with Each Score
Percentile by Number Answered
Your Score History
You have not taken this quiz